00980nam a2200229Ia 4500003000900000008004100009020001800050040001600068080002300084245017000107260003700277300001700314490005100331650004900382650004700431650004200478700003100520700003100551942000700582999001700589952014400606IN-BaIIA211028s9999 xx 000 0 eng d a1-4020-1788-X cIIA Library a52(082.1)bASS-300 0aScientific detectors for astronomybthe beginning of a new eracedited by P. Amico, J. W. Beletic and J. E. Beletic  aDordrechtbKluwer Academicc2004 axxxiv, 625p. aAstrophysics and space science library; v. 300 aAstronomical instruments - congresses928941 aCharge coupled devices - congresses928942 aOptical detectors - congresses928943 aBeletic, J. E., ed.928944 aBeletic, J. W., ed.928945 cBK c15707d15707 00104070aBANbBANcGENd2004-07-23eSH g14230.35l0o52(082.1)/ ASS-300p16629r2021-11-05v14230.35w2004-07-23yBKGRs. 14230.35